EMPIRICAL ASSET PRICING MODELS DATA EMPIRICAL VERIFICATION (Record no. 32199)

MARC details
000 -LEADER
fixed length control field 00375nam a2200133Ia 4500
008 - FIXED-LENGTH DATA ELEMENTS--GENERAL INFORMATION
fixed length control field 240624s9999 xx 000 0 und d
041 ## - LANGUAGE CODE
Language code of text/sound track or separate title eng
082 ## - DEWEY DECIMAL CLASSIFICATION NUMBER
Classification number 332.63 JEN
100 ## - MAIN ENTRY--PERSONAL NAME
Personal name JENG JAU LIAN
245 ## - TITLE STATEMENT
Title EMPIRICAL ASSET PRICING MODELS DATA EMPIRICAL VERIFICATION
260 ## - PUBLICATION, DISTRIBUTION, ETC.
Date of publication, distribution, etc. 2018
Place of publication, distribution, etc. Switzerland
Name of publisher, distributor, etc. Palgrave Macmillan
300 ## - PHYSICAL DESCRIPTION
Extent xvi, 268 p.; 23 cm.
365 ## - TRADE PRICE
Currency code ERU
Price amount 33
Holdings
Withdrawn status Lost status Damaged status Not for loan Home library Current library Shelving location Date acquired Total Checkouts Full call number Barcode Date last seen Date last checked out Copy number Price effective from Koha item type
        IMTN IMTN Rack 11-A 07/02/2020 1 332.63 JEN 32199 12/18/2024 12/05/2024 82.7 06/24/2024 Books
Designed & Maintained by: LRC IMT Nagpur Contact: lrc@imtnag.ac.in© 2024. All Rights Reserved.